000 00515nam a22001817a 4500
003 OSt
005 20251212025459.0
008 251212b |||||||| |||| 00| 0 eng d
020 _a978-1-84616-184-1
040 _aDWCL - Main Lib
_cOC
082 _aFic. M438o 2006
100 _aMatthews, Andrew
245 _aOthello:
_ba Shakespeare story /
_cAndrew Matthews
260 _aLondon:
_bOrchard books,
_cc2006.
300 _a63 p.:
_bill.;
_c20 cm.
700 _aRoss, Tony
_eIllustrator
942 _2ddc
_cFIC.
_mFic.
_n0
999 _c7062
_d7062